Statistiken für Wer bin ich ? #02

Klicken Sie hier um das Quiz zu spielen!

Allgemein

  • Dieses Quiz wurde 256 mal gespielt
  • Das Durchschnittsergebnis liegt bei 2 aus 5

Antwortstatistiken

HinweiseFiguren% Korrekt
Ich bin am 27.1.1756 in Salzburg geboren und am 5.12.1791 in Wien gestorben.
Ich bin ein österreichischer Komponist.
Ich reise ab dem siebten Lebensjahr in die vier Ecken Europas, wo ich das Publikum bezaubere.
Ich hinterließ ein beeindruckendes Schaffen (893 Werke sind im Köchel-Katalog verzeichnet), das alle Musikrichtungen meiner Zeit umfasst.
Nach Meinung meiner Zeitgenossen war ich sowohl auf dem Klavier als auch auf der Geige ein Virtuose.
Ich brachte das Konzert, die Symphonie und die Sonate zur Vollendung, die nach mir zu den Hauptformen der klassischen Musik wurden.
Ich war einer der größten Meister der Oper.
Mein Erfolg hat nie geschwankt.
Mein Name ist in den allgemeinen Sprachgebrauch als Synonym für Genie und Virtuosität eingegangen.
Ich bin...
Wolfgang Amadeus Mozart oder Johannes Chrysostomus Wolfgangus Theophilus Mozart
99%
Ich wurde am 22. Mai 1987 in Belgrad geboren.
Ich bin professioneller Tennisspieler.
Ich bin der erste Spieler im ATP-Ranking.
Ich bin mit Roger Federer und Rafael Nadal zusammen, der als einer der besten Tennisspieler aller Zeiten gilt.
Ich habe 86 Einzeltitel auf der ATP Tour gewonnen, darunter 20 Grand Slams, fünf Masters und 37 Masters 1000.
Ich bin...
Novak Djokovic
59%
Ich bin eine fiktive Figur, Heldin und Erzählerin einer Trilogie, die von Suzanne Collins geschrieben wurde.
Ich wurde am 8. Mai in Distrikt 12 geboren.
Mein Vater starb in den Minen.
Ich habe meine kleine Schwester Primrose vor den Hungerspielen gerettet.
Ich bin...
Katnis Everdeen
49%
Ich bin eine Figur aus einem spanischen Roman.
Ich komme von einem armen Hidalgo (Gentleman) aus La Mancha.
Ich bin besessen von Ritterbüchern, die ich auf kränkliche Weise in meiner Bibliothek sammle.
Eines schönen Tages halte ich mich für einen wandernden Ritter, dessen Mission es ist, durch Spanien zu reisen, um das Böse zu bekämpfen und die Unterdrückten zu beschützen.
Ich mache mich auf den Weg, auf meinem alten Pferd Rossinante, und nehme als Knappen einen naiven Bauern, Sancho Panza, der auf einem Esel reitet.
Ich sehe in der kleinsten Herberge ein verwunschenes Schloss, halte die Töchter der Bauern für schöne Prinzessinnen und die Windmühlen für von bösen Zauberern gesandte Riesen. Ich mache eine Bäuerin aus meinem Land, Dulcinea von Toboso, die ich nie treffen werde, zur Dame meiner Gedanken, der ich Liebe und Treue schwöre.
Ich bin...
Alonso Quichano / Don Quijote von La Mancha
23%
Ich wurde am 26. Februar 1802 in Besançon geboren und starb am 22. Mai 1885 in Paris.
Ich bin ein französischer romantischer Dichter, Dramatiker, Schriftsteller, Romancier und Cartoonist.
Ich gelte als einer der bedeutendsten Schriftsteller der französischen Sprache.
Ich bin auch eine politische Persönlichkeit und ein engagierter Intellektueller, der eine große ideologische Rolle spielte und einen herausragenden Platz in der Geschichte der französischen Literatur des 19. Jahrhunderts einnimmt.
Im Theater etablierte ich mich als einer der führenden Köpfe der französischen Romantik, mein dichterisches Werk umfasst mehrere Sammlungen lyrischer Gedichte, als Romanautor hatte ich großen Publikumserfolg, zuerst mit Notre-Dame de Paris im Jahr 1831 und mehr mit Les Miserables im Jahr 1862.
Ich bin...
Victor Hugo
19%

Verteilung der Resultate

Perzentil nach korrekt beantworteten Fragen

Anzahl Personen mit jedem Resultat

Ihre Resultats-Entwicklung

Sie haben dieses Quiz noch nicht gespielt